书目信息 |
| 题名: |
简斋集
|
|
| 作者: | (宋)陈与义 撰 | |
| 分册: | ||
| 出版信息: | 北京 中国书店 2018.5 |
|
| 页数: | 355页 | |
| 开本: | 27cm | |
| 丛书名: | ||
| 单 册: | ||
| 中图分类: | I222.744.1 | |
| 科图分类: | ||
| 主题词: | 宋诗--诗集 | |
| 电子资源: | ||
| ISBN: | 978-7-5149-2103-8 | |
| 000 | 00857nam0 2200229 45 | |
| 001 | 012001004596 | |
| 005 | 20140928162350.0 | |
| 010 | @a978-7-5149-2103-8@dCNY86.00 | |
| 100 | @a20180512d2018 em y0chiy0110 ea | |
| 101 | 0 | @achi |
| 102 | @aCN@b110000 | |
| 105 | @ay z 000yy | |
| 106 | @ar | |
| 200 | 1 | @a简斋集@9jian zhai ji@f(宋)陈与义撰 |
| 210 | @a北京@c中国书店@d2018.5 | |
| 215 | @a355页@d27cm | |
| 330 | @a《简斋集》十六卷,宋陈与义撰。第一卷为赋及杂文九篇,第十六卷为诗馀十八首,中十四卷皆古今体诗。其诗虽源出豫章,而天分绝高,工於变化。风格遒上,思力沈挚,能卓然自辟蹊径。陈与义的诗,前期多为流连光景之作,以明净的诗句描写春光、秋雨、夏日等,表现个人生活情趣。 | |
| 606 | 0 | @a宋诗@x诗集 |
| 690 | @aI222.744.1@v5 | |
| 701 | 0 | @a(宋)陈与义@9( song ) chen yu yi@4撰 |
| 801 | 0 | @aCN@b上海新华@c20180901 |
| 905 | @b1166551-5@dI222.744.1@e687@f5 | |
| 简斋集/(宋)陈与义撰.-北京:中国书店,2018.5 |
| 355页;27cm |
| ISBN 978-7-5149-2103-8:CNY86.00 |
| 《简斋集》十六卷,宋陈与义撰。第一卷为赋及杂文九篇,第十六卷为诗馀十八首,中十四卷皆古今体诗。其诗虽源出豫章,而天分绝高,工於变化。风格遒上,思力沈挚,能卓然自辟蹊径。陈与义的诗,前期多为流连光景之作,以明净的诗句描写春光、秋雨、夏日等,表现个人生活情趣。 |
| ● |
| 相关链接 |
|
|
|
|
正题名:简斋集
索取号:I222.744.1/687
 
预约/预借
| 序号 | 登录号 | 条形码 | 馆藏地/架位号 | 状态 | 备注 |
| 1 | 1166551 | 211665517 | 第一样本阅览室/ [索取号:I222.744.1/687] | 在馆 | |
| 2 | 1166552 | 211665526 | 密集书库-文学院/ [索取号:I222.744.1/687] | 在馆 | |
| 3 | 1166553 | 211665535 | 第二借阅区/ [索取号:I222.744.1/687] | 在馆 | |
| 4 | 1166554 | 211665544 | 第二借阅区/ [索取号:I222.744.1/687] | 在馆 | |
| 5 | 1166555 | 211665553 | 第二借阅区/ [索取号:I222.744.1/687] | 在馆 |